Fray Gabriel Chávez de la Mora / (Record no. 22352)

MARC details
000 -CABECERA
campo de control de longitud fija 00960nam a22002537a 4500
003 - IDENTIFICADOR DEL NÚMERO DE CONTROL
campo de control OSt
005 - FECHA Y HORA DE LA ÚLTIMA TRANSACCIÓN
campo de control 20260601193904.0
008 - DATOS DE LONGITUD FIJA--INFORMACIÓN GENERAL
campo de control de longitud fija 260508b2011 mx a|||| |||| 00| 0 spa d
040 ## - FUENTE DE LA CATALOGACIÓN
Centro catalogador/agencia de origen ICI
Lengua de catalogación spa
Centro/agencia transcriptor ICI
050 ## - SIGNATURA TOPOGRÁFICA DE LA BIBLIOTECA DEL CONGRESO
Número de clasificación NA737.C48
Número de documento/Ítem C35 2012
100 #1 - ENTRADA PRINCIPAL--NOMBRE DE PERSONA
Nombre de persona Calderón, Eduardo,
Término indicativo de función/relación autor.
245 #1 - MENCIÓN DE TÍTULO
Título Fray Gabriel Chávez de la Mora /
Mención de responsabilidad, etc. Eduardo Calderón.
300 ## - DESCRIPCIÓN FÍSICA
Extensión 60 páginas :
Otras características físicas ilustraciones, planos ;
500 ## - NOTA GENERAL
Nota general Estudio biográfico y arquitectónico sobre la obra del arquitecto y monje benedictino Gabriel Chávez de la Mora.
504 ## - NOTA DE BIBLIOGRAFÍA, ETC.
Nota de bibliografía, etc. Incluye referencias bibliográficas.
600 #1 - PUNTO DE ACCESO ADICIONAL DE MATERIA--NOMBRE DE PERSONA
Nombre de persona Chávez de la Mora, Gabriel.
9 (RLIN) 34330
650 ## - PUNTO DE ACCESO ADICIONAL DE MATERIA--TÉRMINO DE MATERIA
Término de materia o nombre geográfico como elemento de entrada Arquitectura religiosa
Subdivisión geográfica México.
9 (RLIN) 24
650 ## - PUNTO DE ACCESO ADICIONAL DE MATERIA--TÉRMINO DE MATERIA
Término de materia o nombre geográfico como elemento de entrada Arquitectura moderna
Subdivisión geográfica México.
9 (RLIN) 34331
650 ## - PUNTO DE ACCESO ADICIONAL DE MATERIA--TÉRMINO DE MATERIA
Término de materia o nombre geográfico como elemento de entrada Arquitectos mexicanos
Subdivisión general Biografía.
9 (RLIN) 34332
650 ## - PUNTO DE ACCESO ADICIONAL DE MATERIA--TÉRMINO DE MATERIA
Término de materia o nombre geográfico como elemento de entrada Arquitectura monástica.
9 (RLIN) 34333
650 ## - PUNTO DE ACCESO ADICIONAL DE MATERIA--TÉRMINO DE MATERIA
Término de materia o nombre geográfico como elemento de entrada Diseño litúrgico.
9 (RLIN) 34334
650 ## - PUNTO DE ACCESO ADICIONAL DE MATERIA--TÉRMINO DE MATERIA
Término de materia o nombre geográfico como elemento de entrada Arquitectura
Subdivisión cronológica Siglo XX
Subdivisión geográfica México.
9 (RLIN) 627
942 ## - ELEMENTOS DE PUNTO DE ACCESO ADICIONAL (KOHA)
Fuente del sistema de clasificación o colocación Library of Congress Classification
Tipo de ítem Koha Libros
Suprimir en OPAC 1
Holdings
Estado de retiro Estado de pérdida Fuente del sistema de clasificación o colocación Estado dañado No para préstamo Localización permanente Ubicación/localización actual Fecha de adquisición Total de préstamos Signatura topográfica completa Código de barras Fecha visto por última vez Número de copia Precio válido a partir de Tipo de ítem Koha
El ejemplar forma parte de la colección y puede ser consultado según las políticas vigentes.   Library of Congress Classification     Biblioteca de Diseño Museo Franz Mayer Biblioteca de Diseño Museo Franz Mayer 08/05/2026   NA737.C48 C35 2012 BDIMFM000302 08/05/2026 Ej. 1 08/05/2026 Libros